000 00445nam a22001817a 4500
003 LK-CoDNM
005 20250120105545.0
008 250120b |||||||| |||| 00| 0 eng d
040 _aLK-CoDNM
_dLK-CoDNM
_eLK-CoDNM
041 _aeng
080 _a11
_bU8
245 _aEmpire Forestry
_bMarch 1922
260 _aLondon
_bThe Trustees
_c1922
300 _a125p. : ill , map ; 21 cm
490 _vVol.1
650 _aScience
942 _cBK
999 _c236927
_d236927